| 000 | 00755nam a2200181 a 4500 | ||
|---|---|---|---|
| 008 | 090213s2005 ||||||||||||||||| || u | ||
| 050 | _aUNO(058)MDGR/2005 | ||
| 110 | _aUnited Nations Organisation (UNO) | ||
| 245 | 1 | 4 |
_aThe Millennium Development Goals report: 2005 _cby United Nations |
| 260 |
_aNew York: _bUnited Nations _c2005 |
||
| 300 | _a43p. ;ill. | ||
| 350 | _a0.00 | ||
| 650 | 0 | _aECONOMIC DEVELOPMENT--AFRICA, SUB-SAHARAN | |
| 650 | _aMILLENNIUM DEVELOPMENT GOALSIA | ||
| 650 | 0 | _aAFRICA--ECONOMIC CONDITIONS | |
| 650 | _aDEVELOPING COUNTRIES--ECONOMIC CONDITIONS--PERIODICALS | ||
| 995 |
_D0.00 _FCBU-MAIN LIBRARY (Kitwe) _H1 _I0.00 _M1 _UAVAILABLE _WFeb 13, 2009 _ZInternational Publications |
||
| 999 |
_c51238 _d51238 |
||